Statistics for Premier League XIs 1996-97

Click here to take the quiz!

General Stats

  • This quiz has been taken 127 times
  • The average score is 79 of 220

Answer Stats

PositionAnswer% Correct
STDwight YorkeAston Villa
89%
DFLee DixonArsenal
86%
DFTony AdamsArsenal
86%
STAlan ShearerNewcastle United
82%
DFAlan WrightAston Villa
82%
GKDavid SeamanArsenal
82%
STDennis BergkampArsenal
82%
DFGary NevilleManchester United
82%
DFHenning BergBlackburn Rovers
82%
STIan WrightArsenal
82%
DFMark WrightLiverpool
82%
MFDavid BeckhamManchester United
79%
STMikkel BeckMiddlesbrough
79%
GKPeter SchmeichelManchester United
79%
MFVinnie JonesWimbledon
79%
GKDavid JamesLiverpool
75%
MFNicky ButtManchester United
75%
DFDenis IrwinManchester United
71%
DFGary PallisterManchester United
71%
DFMartin KeownArsenal
71%
MFRyan GiggsManchester United
71%
STChris SuttonBlackburn Rovers
68%
DFNigel WinterburnArsenal
68%
MFPatrick VieiraArsenal
68%
STRobbie FowlerLiverpool
68%
GKTim FlowersBlackburn Rovers
68%
STGianfranco ZolaChelsea
64%
DFGraeme Le SauxBlackburn Rovers
64%
MFMatt Le TissierSouthampton
64%
DFSteve BouldArsenal
64%
STEric CantonaManchester United
61%
STLes FerdinandNewcastle United
61%
STOle Gunnar SolskjærManchester United
61%
DFStephen CarrTottenham Hotspur
61%
STTeddy SheringhamTottenham Hotspur
61%
MFTim SherwoodBlackburn Rovers
61%
STMark HughesChelsea
57%
MFMichael HughesWest Ham United
57%
GKNigel MartynLeeds United
57%
MFSteve McManamanLiverpool
57%
DFDes WalkerSheffield Wednesday
54%
STDion DublinCoventry City
54%
STEmile HeskeyLeicester City
54%
DFGareth SouthgateAston Villa
54%
GKIan WalkerTottenham Hotspur
54%
MFRob LeeNewcastle United
54%
STStan CollymoreLiverpool
54%
DFColin HendryBlackburn Rovers
50%
MFDavid BattyNewcastle United
50%
DFDavid PhillipsNottingham Forest
50%
STGianluca VialliChelsea
50%
GKNeville SouthallEverton
50%
DFRonny JohnsenManchester United
50%
DFStuart PearceNottingham Forest
50%
MFGarry ParkerLeicester City
46%
MFGary McAllisterCoventry City
46%
MFGary SpeedEverton
46%
STIan RushLeeds United
46%
STKevin CampbellNottingham Forest
46%
MFRoberto Di MatteoChelsea
46%
DFSol CampbellTottenham Hotspur
46%
GKSteve OgrizovicCoventry City
46%
DFSteve StauntonAston Villa
46%
MFJohn BarnesLiverpool
43%
STKevin GallacherBlackburn Rovers
43%
GKMark BosnichAston Villa
43%
GKNeil SullivanWimbledon
43%
MFPaul MersonArsenal
43%
DFPhil BabbLiverpool
43%
DFPhilippe AlbertNewcastle United
43%
STDavid KellySunderland
39%
DFDavid MayManchester United
39%
MFDavid PlattArsenal
39%
STDuncan FergusonEverton
39%
DFGareth HallSunderland
39%
DFGarry KellyLeeds United
39%
MFIan TaylorAston Villa
39%
MFJason WilcoxBlackburn Rovers
39%
DFJulian WattsLeicester City
39%
GKKevin PressmanSheffield Wednesday
39%
DFLucas RadebeLeeds United
39%
GKMaik TaylorSouthampton
39%
GKMark CrossleyNottingham Forest
39%
DFPaul WilliamsCoventry City
39%
GKPavel SrníčekNewcastle United
39%
MFScott TaylorLeicester City
39%
DFDarren PeacockNewcastle United
36%
DFDave WatsonEverton
36%
STDavid HirstSheffield Wednesday
36%
DFDavid UnsworthEverton
36%
MFJuninho PaulistaMiddlesbrough
36%
GKKasey KellerLeicester City
36%
MFKeith GillespieNewcastle United
36%
MFLee SharpeLeeds United
36%
MFMichael ThomasLiverpool
36%
MFMuzzy IzzetLeicester City
36%
MFNick BarmbyEverton
36%
DFSteve ClarkeChelsea
36%
MFSteve WatsonNewcastle United
36%
MFAndy TownsendAston Villa
32%
STBenito CarboneSheffield Wednesday
32%
DFColin CooperNottingham Forest
32%
STFabrizio RavanelliMiddlesbrough
32%
DFFrank LebœufChelsea
32%
DFFrank SinclairChelsea
32%
GKGary WalshMiddlesbrough
32%
MFIan WoanNottingham Forest
32%
MFJason McAteerLiverpool
32%
MFKevin BallSunderland
32%
MFKevin RichardsonCoventry City
32%
MFPeter BeardsleyNewcastle United
32%
DFRichard ShawCoventry City
32%
STSavo MiloševićAston Villa
32%
DFSteve WalshLeicester City
32%
DFStig Inge BjørnebyeLiverpool
32%
MFAndrei KanchelskisEverton
29%
STBrian DeaneLeeds United
29%
DFClaus LundekvamSouthampton
29%
DFClive WilsonTottenham Hotspur
29%
DFColin CalderwoodTottenham Hotspur
29%
STDean SturridgeDerby County
29%
DFDominic MatteoLiverpool
29%
DFJulian DicksWest Ham United
29%
STNoel WhelanCoventry City
29%
STPaul StewartSunderland
29%
STRod WallaceLeeds United
29%
DFUgo EhioguAston Villa
29%
MFAndy SintonTottenham Hotspur
25%
MFCarlton PalmerLeeds United
25%
MFDan PetrescuChelsea
25%
MFDarren HuckerbyCoventry City
25%
STDean SaundersNottingham Forest
25%
DFDes LyttleNottingham Forest
25%
MFEmersonMiddlesbrough
25%
MFEyal BerkovicSouthampton
25%
MFGraham StuartEverton
25%
DFJeff KennaBlackburn Rovers
25%
MFJoe ParkinsonEverton
25%
MFLee BowyerLeeds United
25%
GKLuděk MikloškoWest Ham United
25%
MFMark DraperAston Villa
25%
MFNeil LennonLeicester City
25%
DFRobbie ElliottNewcastle United
25%
MFRuel FoxTottenham Hotspur
25%
DFSteve ChettleNottingham Forest
25%
MFAllan NielsenTottenham Hotspur
21%
STAndy BoothSheffield Wednesday
21%
STAshley WardDerby County
21%
DFChris PerryWimbledon
21%
DFCurtis FlemingMiddlesbrough
21%
DFDavid WetherallLeeds United
21%
DFEarl BarrettEverton
21%
STEgil ØstenstadSouthampton
21%
DFGary RowettDerby County
21%
DFIan NolanSheffield Wednesday
21%
MFIgor ŠtimacDerby County
21%
DFJustin EdinburghTottenham Hotspur
21%
STMarcus GayleWimbledon
21%
DFMichael GraySunderland
21%
MFØyvind LeonhardsenWimbledon
21%
MFRobbie EarleWimbledon
21%
MFRobbie MustoeMiddlesbrough
21%
GKRussell HoultDerby County
21%
STSteve ClaridgeLeicester City
21%
DFSteve NicolSheffield Wednesday
21%
DFSteve VickersMiddlesbrough
21%
MFAlf-Inge HaalandNottingham Forest
18%
DFDerek WhyteMiddlesbrough
18%
STEfan EkokuWimbledon
18%
DFFernando NelsonAston Villa
18%
GKFrode GrodåsChelsea
18%
MFGarry FlitcroftBlackburn Rovers
18%
STIain DowieWest Ham United
18%
DFKenny CunninghamWimbledon
18%
DFLiam DaishCoventry City
18%
GKLionel PérezSunderland
18%
MFMark PembridgeSheffield Wednesday
18%
MFNeal ArdleyWimbledon
18%
DFPaul McGrathDerby County
18%
DFPeter AthertonSheffield Wednesday
18%
DFSimon GraysonLeicester City
18%
DFSpencer PriorLeicester City
18%
DFSteve PottsWest Ham United
18%
DFAlan KimbleWimbledon
14%
MFAljoša AsanovićDerby County
14%
MFBilly McKinlayBlackburn Rovers
14%
DFChris PowellDerby County
14%
DFChristian DaillyDerby County
14%
MFCraig BurleyChelsea
14%
DFCraig ShortEverton
14%
MFDarryl PowellDerby County
14%
DFDejan StefanovićSheffield Wednesday
14%
MFGuy WhittinghamSheffield Wednesday
14%
MFJim MagiltonSouthampton
14%
DFPaul TelferCoventry City
14%
MFScot GemmillNottingham Forest
14%
DFSlaven BilićWest Ham United
14%
DFTim BreackerWest Ham United
14%
DFDariusz KubickiSunderland
11%
MFDavid HowellsTottenham Hotspur
11%
DFDean BlackwellWimbledon
11%
DFGunnar HalleLeeds United
11%
MFIan BishopWest Ham United
11%
MFJohn MoncurWest Ham United
11%
DFNeil CoxMiddlesbrough
11%
MFPaul BracewellSunderland
11%
DFRichard OrdSunderland
11%
DFScott MintoChelsea
11%
DFAlan NeilsonSouthampton
7%
DFAndy MelvilleSunderland
7%
MFCraig HignettMiddlesbrough
7%
DFJacob LaursenDerby County
7%
MFJohn SalakoCoventry City
7%
MFMartin ScottSunderland
7%
MFMatt OakleySouthampton
7%
DFRichard DrydenSouthampton
7%
DFUlrich van GobbelSouthampton
7%
MFHugo PorfirioWest Ham United
4%
DFMarc RieperWest Ham United
4%
DFSimon CharltonSouthampton
4%

Score Distribution

Percentile by Number Answered

Percent of People with Each Score

Your Score History

You have not taken this quiz